| 000 | 00388nam a2200169Ia 4500 | ||
|---|---|---|---|
| 003 | 0STCL | ||
| 008 | 150530s9999 xx 000 0 und d | ||
| 040 |
_aSTCL _cSTCL |
||
| 100 | _aBahadur; Reny, J.W.A.W; Ed | ||
| 245 | _aSelected English Prose | ||
| 250 | _aFirst | ||
| 260 |
_bMacmillan _c1952 |
||
| 546 | _aEnglish | ||
| 942 |
_2ddc _cBK |
||
| 999 |
_c59472 _d59472 |
||
| 005 | 20220125171105.0 | ||